书目信息 |
| 题名: |
中国产业集群
|
|
| 作者: | 顾强 主编 | |
| 分册: | 第四辑 | |
| 出版信息: | 北京 机械工业出版社 2006.05 |
|
| 页数: | 174页 | |
| 开本: | 20cm | |
| 丛书名: | ||
| 单 册: | ||
| 中图分类: | F127 | |
| 科图分类: | ||
| 主题词: | 经济--中国 | |
| 电子资源: | ||
| ISBN: | 978-7-111-19040-0 | |
| 000 | 00639nam0 2200229 45 | |
| 001 | 0954842897 | |
| 005 | 20091112111731.00 | |
| 010 | @a978-7-111-19040-0@dCNY30.00 | |
| 100 | @a20090515d2006 ekmy0 y0120 ea | |
| 102 | @aCN@b130000 | |
| 102 | @aCN@b110000 | |
| 105 | @ay z 000yy | |
| 200 | 1 | @a中国产业集群@Azhong guo chan ye ji qun@h第四辑@f顾强主编@Fgu qiang zhu bian |
| 210 | @a北京@c机械工业出版社@d2006.05 | |
| 210 | @a北京@c机械工业出版社 | |
| 215 | @a174页@d20cm | |
| 606 | 0 | @a经济@x中国 |
| 690 | @aF127@v4 | |
| 701 | 0 | @a顾强@Agu qiang@4主编 |
| 801 | 0 | @aCN@c20091112 |
| 905 | @a10447@dF127@eG502 | |
| 906 | @d30@n3@r1 | |
| 中国产业集群.第四辑/顾强主编.-北京:机械工业出版社,2006.05.-北京:机械工业出版社 |
| 174页;20cm |
| ISBN 978-7-111-19040-0:CNY30.00 |
| ● |
| 相关链接 |
|
|
|
正题名:中国产业集群
索取号:F127/G502
 
预约/预借
| 序号 | 登录号 | 条形码 | 馆藏地/架位号 | 状态 | 备注 |
| 1 | 895731 | 208957315 | 社科库409/409社科库 70排2列1层/ [索取号:F127/G502] | 在馆 | |
| 2 | 895732 | 208957324 | 社科库409/409社科库 70排2列1层/ [索取号:F127/G502] | 在馆 |